000 00342nam a2200145Ia 4500
008 221030s9999 xx 000 0 und d
041 _aEnglish
082 _a105.23
100 _aM. Rafiquzzaman
245 0 _aModern Computer Architecture
_cby M. Rafiquzzaman, C. Rajan
260 _c0
650 _aB
700 _aC. Rajan
942 _cBK
999 _c10605
_d10605